Voda ako kľúčový fenomén budúcnosti

Saved in:
Bibliographic Details
Main Author: Staněk, Peter
Format: Book Chapter
Language:Slovak
Subjects:
Tags: Add Tag
No Tags, Be the first to tag this record!

MARC

LEADER 00000naa$a2200000$$$4500
001 0234945
005 20240502073815.8
041 0 |a slo 
044 |a SK 
245 1 0 |a Voda ako kľúčový fenomén budúcnosti  |c Peter Staněk 
610 2 0 |a voda 
610 2 0 |a voda pitná 
610 2 0 |a zdroje vodné 
610 2 0 |a zmeny klimatické 
610 2 0 |a regióny 
610 2 0 |a poľnohospodárstvo 
610 2 0 |a Slovensko 
610 2 0 |a Európska únia 
100 1 |a Staněk, Peter